000
00290nam a22001217a 4500
020
_a
0-07-010992-3
082
_a
540 KLI'C
100
_a
KLINE, CHARLES
_9
67786
245
_a
CHEMISTRY AT WORK IN THE NORTHERN STATES
260
_a
NEWYORK
_b
MCGRAW HILL
_c
1991
300
_a
79P
942
_c
BK
999
_c
575495
_d
575495